000
00296nam a2200109Ia 4500
008
210107s9999 xx 000 0 und d
100
_a
Norton, Peter; Andersen, Virginia
245
0
_a
Peter Norton's Guide To Access 97 Programming
260
_a
New Delhi
_b
Techmedia
300
_a
596
942
_c
BK
999
_c
10401
_d
10401